| Tag |
First Indicator |
Second Indicator |
Subfields |
| LEADER |
00000cam a2200000 a 4500 |
| 001 |
in00000028193 |
| 005 |
20151007060022.0 |
| 008 |
880520s1988 nyuabf b 00110 eng d |
| 010 |
|
|
|a 87051246
|
| 035 |
|
|
|a (OCoLC)17977077
|
| 035 |
|
|
|9 AAB9887AM
|
| 040 |
|
|
|a FTU
|c FTU
|d TXA
|d UtOrBLW
|
| 049 |
|
|
|a TXAM
|c [A11532481]
|
| 050 |
|
4 |
|a PQ148
|b .L5 1988
|
| 100 |
1 |
|
|a Littlewood, Ian.
|
| 245 |
1 |
0 |
|a Paris :
|b a literary companion /
|c Ian Littlewood.
|
| 264 |
|
1 |
|a New York :
|b F. Watts,
|c 1988.
|
| 300 |
|
|
|a viii, 246 pages, 12 unnumbered pages of plates :
|b illustrations, maps ;
|c 22 cm.
|
| 336 |
|
|
|a text
|b txt
|2 rdacontent
|
| 337 |
|
|
|a unmediated
|b n
|2 rdamedia
|
| 338 |
|
|
|a volume
|b nc
|2 rdacarrier
|
| 500 |
|
|
|a Includes bibliographic references and index.
|
| 650 |
|
0 |
|a Literary landmarks
|z France
|z Paris.
|
| 651 |
|
0 |
|a Paris (France)
|x Description and travel
|y 1975-
|x Guidebooks.
|
| 999 |
|
|
|a MARS
|
| 999 |
f |
f |
|s 165350c2-9879-3fbd-bb6f-2a04b89f4421
|i a3aa3c9c-00a9-3a50-8adb-041a5f0b035b
|t 0
|
| 952 |
f |
f |
|p normal
|a Texas A&M University
|b College Station
|c Sterling C. Evans Library
|d Evans: Library Stacks
|t 0
|e PQ148 .L5 1988
|h Library of Congress classification
|i unmediated -- volume
|m A14811532481
|
| 998 |
f |
f |
|a PQ148 .L5 1988
|t 0
|l Evans: Library Stacks
|